Statystyki dla Wszyscy uczestnicy Bundesligi w XXI wieku

Kliknij tutaj aby rozwiązać quiz!

Ogólne statystyki

  • Ten quiz został rozwiązany 30 razy
    (14 od ostatniego zresetowania)
  • Średni wynik to 12 z 39

Statystyki odpowiedzi

Liczba sezonówOkres trwaniaIlość mistrzostw w XXI wiekuDrużyna piłkarska% Poprawnych
251999/2000-23/2418Bayern Monachium
100%
251999/2000-23/243Borussia Dortmund
85%
816/17-23/240RB Lipsk
69%
241999/2000-20/21, 22/23-23/241Werder Brema
69%
251999/2000-23/240Bayer Leverkusen
62%
211999/2000-00/01, 03/04, 05/06-10/11, 12/13-23/240Eintracht Frankfurt
62%
231999/2000-20/21, 22/230Schalke 04
62%
231999/2000-15/16, 17/18-18/19, 20/21-23/241VfB Stuttgart
62%
2201/02-06/07, 08/09-23/240Borussia Mönchengladbach
54%
191999/2000-17/180Hamburger
54%
91999/2000, 02/03, 04/05-08/09, 20/21-21/220Arminia Bielefeld
46%
1602/03-15/16, 17/18-18/190Hannover 96
46%
1311/12-23/240Augsburg
38%
1100/01, 02/03-04/05, 06/07-09/10, 21/22-23/240VfL Bochum
38%
251999/2000-23/241VfL Wolfsburg
38%
1700/01-01/02, 03/04, 05/06, 08/09-11/12, 14/15-17/18, 19/20-23/2401. FC Köln
31%
312/13, 18/19-19/200Fortuna Düsseldorf
31%
191999/2000-01/02, 03/04-04/05, 09/10-14/15, 16/17-23/240SC Freiburg
31%
315/16-16/17, 23/240SV Darmstadt
31%
1608/09-23/240TSG Hoffenheim
31%
123/2401. FC Heidenheim
23%
1201/02-02/03, 04/05-07/08, 09/10-13/14, 18/1901. FC Nürnberg
23%
519/20-23/2401. FC Union Berlin
23%
1804/05-06/07, 09/10-23/2401. FSV Mainz 05
23%
113/140Eintracht Brunszwik
23%
221999/2000-09/10, 11/12, 13/14-22/230Hertha BSC
23%
91999/2000-05/06, 10/11-11/1201. FC Kaiserslautern
15%
215/16-16/170FC Ingolstadt
15%
106/070Alemannia Aachen
8%
600/01-02/03, 06/07-08/090Energie Cottbus
8%
214/15, 19/200Paderborn 07
8%
212/13, 21/220SpVgg Greuther Fürth
8%
51999/2000-03/040TSV 1860 Monachium
8%
71999/2000-04/05, 07/080Hansa Rostock
0%
207/08-08/090KSC Karlsruhe
0%
31999/2000, 05/06, 07/080MSV Duisburg
0%
21999/2000-00/010SpVgg Unterhaching
0%
11999/20000SSV Ulm 1846
0%
201/02, 10/110St. Pauli
0%

Rozkład punktacji

Percentyl według liczby udzielonych odpowiedzi

Procent ludzi z każdym wynikiem

Twoja historia wyników

Nie rozwiązałeś tego quizu od ostatniego zresetowania